000 00443nam a2200169Ia 4500
008 230718s9999 xx 000 0 und d
041 _aeng
082 _a539
_bWIC
100 _aWichman E. H.
245 _aStatistical Physics Berkeley Physics Course
260 _bTata Mc-graw Hill Pub.
300 _dRef 326 G (30005)
365 _cRs.
_b350.00
500 _a326 GEN
700 _aWichman E. H.
906 _dB:467303-Jun-2008
_cPHY
_b70
999 _c318798
_d318798